000 00940nam a2200253Ia 4500
999 _c54407
_d54407
001 21463
003 GE_BSU
005 20190919120507.0
008 181216s1977||||ge |||||||||||||| ||geo||
040 _cGE_BSU
041 _ageo
080 _a550.7 ქ-34
100 _aქაჯაია,გ.
_94115
245 _aბიოსფერო და საზოგადოება /
_cრედ.: გ. თუმანიშვილი.
264 _aთბილისი,
_c1997.
300 _a86 გვ.;
_b21 სმ.
500 _a თავფ. ქართ. და ინგლ. ენ.
504 _a ბიბლიოგრ.: გვ. 86.
520 _aრეზ. ინგლ. ენ.
653 _aბიოსფერო ; ეკოლოგია
653 _aბუნება, გეოლოგია
700 _aთუმანიშვილი, გ.
_eრედაქტორი
_94116
942 _cBK
_2udc